|
|
|
|
| LEADER |
00000nam a2200000 a 4500 |
| 001 |
vtls011594071 |
| 003 |
SK-MaSNL |
| 005 |
20260301181019.0 |
| 008 |
251112 1864 fr 000 0 lat |
| 015 |
|
|
|a SNBHFA1864
|
| 020 |
|
|
|q (viaz.)
|
| 035 |
|
|
|a 45BEAD4E-1BB6-4FC0-A9CF-1B7898CF82CD
|
| 035 |
|
|
|a urn:nbn:sk:snk-am3h9w8
|
| 035 |
|
|
|a urn:nbn:sk:snk-am00crbj
|
| 040 |
|
|
|a SNKHFA
|b slo
|c SNK
|e AACR2
|
| 041 |
0 |
|
|a lat
|
| 044 |
|
|
|a fr
|c FR
|
| 072 |
|
7 |
|a 244
|x Náboženská literatúra
|2 konspekt
|
| 080 |
|
|
|a 2-29
|2 2011
|
| 080 |
|
|
|a 27-23
|2 2011
|
| 130 |
0 |
|
|a Scripturae Sacrae
|n Tomus Tertius
|9 553014
|
| 245 |
1 |
0 |
|a Scripturae Sacrae Cursus Completus, Ex Commentariis Omnium Perfectissimis Ubique Habitis, Et A Magna Parte Episcoporum Necnon Theologorum Europae Catholicae, Universim Ad Hoc Interrogatorum, Designatis, Unice Conflatus, Plurimis Annotantibus Presbyteris Ad Docendos Levitas Pascendosve Populos Alte Positis
|n Tomus Tertius
|c Annotavit Vero Simul Et Edidit J.-P. Migne, Bibliothecae Cleri Universae, Sive Cursuum Completorum In Singulos Scientiae Ecclesiasticae Ramos Editor
|
| 260 |
|
|
|a Parisiis
|b Ex Typis J.-P. Migne
|c 1864
|
| 300 |
|
|
|a 1696 stĺp.
|c 27 cm
|
| 504 |
|
|
|a Register
|
| 561 |
|
|
|a Okrúhla pečiatka: Museálna Slovenská spoločnosť.
|5 SNK IB 310/3
|
| 561 |
|
|
|a Pečiatka: Z knižnice Andreja Kmeťa.
|5 SNK IB 310/3
|
| 650 |
0 |
7 |
|a náboženská literatúra
|2 SNKPH
|9 1487
|
| 700 |
1 |
|
|a Kmeť, Andrej,
|d 1841-1908
|4 fmo
|9 191981
|
| 700 |
1 |
|
|a Migne, Jacques Paul,
|d 1800-1875
|4 edt
|4 prt
|9 344662
|
| 710 |
0 |
|
|a Migne, Jacques Paul (Paríž, Francúzsko)
|4 prt
|9 344663
|
| 752 |
|
|
|a Francúzsko
|d Paríž
|
| 852 |
|
|
|a snk
|b Historické fondy
|p IB 310/3
|
| 958 |
|
|
|a ONDV
|
| 999 |
|
|
|c 848430
|d 850360
|
| 952 |
|
|
|t Kme X/894/3
|a SNK
|b SNK
|c SNK_HF
|y PREZ
|7 0
|p 17A1129440
|o snkIB 310/3
|i snkF 20/1985
|8 5
|0 0
|1 0
|4 0
|d 2016-11-21
|f 1
|l 0
|r 2026-02-24 04:33:41
|w 2026-02-24
|